000 02020cgm a2200361Ia 4500
001 ocn122518629
003 TZ-ArACH
005 20160122162214.0
008 070406s2005 sz 011 vleng d
035 _a(OCoLC)122518629
040 _aYWM
_cTZ-ArACH
_dOCLCF
041 _aEng
049 _aTZAA
050 _aUG490
_b.E97
110 _aICRC
_918150
245 0 0 _aExplosive remnants of war: a protocol to end the lethal legacy of modern conflict
_h[Booket] :
_ba protocol to end the lethal legacy of modern conflict
260 _aGeneva :
_bICRC ,
_c2005.
300 _a20p :
_bill ;
_c15cm
504 _aVideo available
520 _aThis booklet highlights the recent developments on the Explosive Remnants of War (ERW) issue. It aims to promote greater understanding about the ERW problem and the new Protocol on Explosive Remnants of War adopted by States Parties to the Convention on Certain Conventional Weapons (CCW) in November 2003. The booklet's primary purpose is to serve as an information tool for ICRC delegates at conferences and seminars to increase understanding of the ERW Protocol among governments, organizations and other relevant institutions. In addition, as 2005 marks the 25th anniversary of the CCW, the booklet will help highlight the important role that the Convention plays in limiting the effects of armed conflict.
538 _aDVD.
650 0 _aLand mines.
_918151
650 0 _aMines (Military explosives)
_918152
650 0 _aExplosives, Military.
_918153
650 7 _aExplosives, Military.
_2fast
_918154
650 7 _aLand mines.
_2fast
_918155
650 7 _aMines (Military explosives)
_2fast
_918156
653 _aDonation
710 2 _aInternational Committee of the Red Cross.
_918157
730 0 _aProtocol on Explosive Remnants of War (Protocol V) (2003)
_918158
942 _2lcc
_cBOOK
999 _c3236
_d3236